000 00393nam a2200157Ia 4500
008 241127s9999||||xx |||||||||||||| ||und||
020 _a9780071638944
_c111.8111.8
040 _beng
_cSSK Library
_erda
082 _a658.314/MUR
100 _a Mark Murphy -
245 0 _aHundred Percenters
260 _b Mcgraw Hill
_c©2010
942 _22ddc
_cBOOK
_nNo
999 _c9494
_d9494
003 OSt
005 20241127152808.0